Guess the Countryballs 4 - Statistics

General Stats
  • This quiz has been taken 16 times
  • The average score is 19 of 20
Answer Stats
Picture Answer % Correct
Kazakhstan
100%
Luxembourg
100%
Madagascar
100%
Monaco
100%
North Korea
100%
North Macedonia
100%
Peru
100%
Slovakia
100%
Uruguay
100%
Bulgaria
92%
Georgia
92%
Kenya
92%
Malaysia
92%
Morocco
92%
Nigeria
92%
Slovenia
92%
Tunisia
92%
Turkmenistan
92%
Afghanistan
83%
Maldives
75%
No matching quizzes found
Score Distribution
Percent of People with Each Score
Percentile by Number Answered
Your Score History
You have not taken this quiz